000 00408nmm a2200145Ia 4500
008 251105s9999||||xx |||||||||||||||||und||
041 _aspa
100 _aCervera, Leonardo
245 0 _aLa guerra de mi abuelo
264 _a[Madrid, España] :
_bRoca Editorial,
_c2011
300 _a130 páginas
650 _aSpanish narrative
856 _uhttps://public.digitaliapublishing.com/a/33555
942 _cCF
999 _c104386
_d104386